000 07747njm0a2200577 4500
001 RU\NLR\ONIZ\303354
005 20250708194022.0
035 _a(NLR Aleph) 022106691
071 0 0 _aС60-18005-6
090 _a13285628
_c13285628
100 _a20240104d1983 |||y0rusy50 ca
102 _aRU
126 _aabbxexu ux
_bxxx
127 _a003800
200 1 _aДумала, что сердце отлюбило. [Поёт] Галина Карева
_bЗвукозапись
203 _aМузыка
_bисполнительская
_cаудио
210 _aМосква
_cМелодия
_d1983
_gМосковский опытный завод "Грамзапись"
_eМосква
215 _a1 грп. [ГОСТ 5289-80] (38 мин) : 33 об/мин, стерео
_d30 см, в конв
300 _aЗапись 1977 г
327 1 _a1. Не надо встреч / автор неизв.
_a2. Встреча / автор неизв.
_a3. Изумруд / Б. Фомин - А. Д'Актиль.
_a4. Не говори / автор неизв.
_a5. Гадалка / автор неизв.
_a6. Вернись / Б. Прозоровский - Б. Тимофеев.
_a7. Я всё отдам / Б. Фомин - К. Подревский.
_a8. Благодарю, не надо / Б. Фомин - И. Финк.
_a9. Довольно / В. Семёнов - А. Кугушев.
_a10. Воспоминание / автор неизв..
_a11. Зачем и влюбилась? / М. Шишкин.
_a12. Уголок / Е. Сартинский-Бей - В. Мазуркевич.
_a13. Полно, сокол / автор неизв.
_a14. Не сердись / музыка и слова А. Денисьева.
_a15. Думала, что сердце отлюбило / музыка и слова Г. Каревой ; исполняют: В. Кроль, фортепиано (1, 6, 8, 10, 12), Е. Хоржевская, А. Лазаревич, гитары (2, 7), В. Денисов, В. Резниченко, гитары (3-5, 9, 11, 11, 13-15)
464 0 _12001#$aНе надо встреч$fавтор неизв.
_tНе надо встреч
464 0 _12001#$aВстреча$fавтор неизв.
_tВстреча
464 0 _12001#$aИзумруд$fБ. Фомин - А. Д'Актиль
_1700#1$9z01790$aФомин$bБ.И.$gБорис Иванович$f1900-1948$4230$7ca
_1702#1$9z02790$aД'Актиль$bА. А.$gАнатолий Адолфович$f1890-1942$4520$7ca
_1790#1$9z01700$aFomin$bB. I.$gBoris Ivanovič$f1900-1948$4230$7ba
_1790#1$9z02702$aD'Aktil`$bA. A.$gAnatolij Adol`fovič$f1890-1942$4520$7ba
_tИзумруд
_aФомин, Борис Иванович (1900-1948)
464 0 _12001#$aНе говори$fавтор неизв.
_tНе говори
464 0 _12001#$aГадалка$fавтор неизв.
_tГадалка
464 0 _12001#$aВернись$fБ. Прозоровский - Б. Тимофеев
_1700#1$9z01790$aПрозоровский$bБ. А.$gБорис Алексеевич$cкомпозитор$f1891-1937$4230$7ca
_1702#1$9z02790$aТимофеев$bБ. Н.$gБорис Николаевич$cпоэт$f1899–1963$4520$7ca
_1790#1$9z01700$aProzorovskij$bB. A.$gBoris Alekseyevič$ccomposer$f1891-1937$4230$7ba
_1790#1$9z02702$aTimofeev$bB. N.$gBoris Nikolaevič$f1899–1963$4520$7ba
_tВернись
_aПрозоровский, Борис Алексеевич (композитор ; 1891-1937)
464 0 _12001#$aЯ всё отдам$fБ. Фомин - К. Подревский
_1700#1$9z01790$aФомин$bБ.И.$gБорис Иванович$cкомпозитор$f1900-1948$4230$7ca
_1702#1$9z02790$aПодревский$bК. Н.$gКонстантин Николаевич$cпоэт$f1889-1930$4520$7ca
_1790#1$9z01700$aFomin$bB. I.$gBoris Ivanovič$f1900-1948$4230$7ba
_1790#1$9z02702$aPodrevskij$bK. N.$gKonstantin Nikolaevič$f1889-1930$4520$7ba
_tЯ всё отдам
_aФомин, Борис Иванович (композитор ; 1900-1948)
464 0 _12001#$aБлагодарю, не надо$fБ. Фомин - И. Финк
_1700#1$9z01790$aФомин$bБ.И.$gБорис Иванович$f1900-1948$4230$7ca
_1702#1$9z02790$aФинк$bИ. Г.$gИлья Григорьевич$f1910-1982$4520$7ca
_1790#1$9z01700$aFomin$bB. I.$gBoris Ivanovič$f1900-1948$4230$7ba
_1790#1$9z02702$aFink$bI. G.$gIl'ja Grigor'evič$f1910-1982$4520$7ba
_tБлагодарю, не надо
_aФомин, Борис Иванович (1900-1948)
464 0 _12001#$aДовольно$fВ. Семёнов - А. Кугушев
_1701#1$9z01790$aСемёнов$bВ.$cкомпозитор$fкон. 19 - нач. 20 вв.$4230$7ca
_1702#1$9z02790$aКугушев$bА.$gАлександр$4520$7ca
_1790#1$9z02702$aKugušev$bA.$gAleksandr$4520$7ba
_1790#1$9z01701$aSemjonov$bV.$ccomposer$fкон. 19 - нач. 20 вв.$4230$7ba
_tДовольно
464 0 _12001#$aВоспоминание$fавтор неизв.
_tВоспоминание
464 0 _12001#$aЗачем и влюбилась?$fМ. Шишкин
_1700#1$9z01790$aШишкин$bМ. А.$gМихаил Александрович$cкомпозитор$f1851-1916$4230$7ca
_1790#1$9z01700$aŠiškin$bM.$gMichail$f1851-1916$4230$7ba
_tЗачем и влюбилась?
_aШишкин, Михаил Александрович (композитор ; 1851-1916)
464 0 _12001#$aУголок$fЕ. Сартинский-Бей - В. Мазуркевич
_1700#1$9z01790$aСартинский-Бей$bД. К.$gДмитрий Константинович$f2-я пол. 19 - нач. 20 в.$4230$7ca
_1702#1$9z02790$aМазуркевич$bВ. А.$gВладимир Александрович$f1871-1942$4520$7ca
_1790#1$9z01700$aSartinskij-Bej$bD.$gDmitrij$f2-я пол. 19 - нач. 20 в.$4230$7ba
_1790#1$9z02702$aMazurkevič$bV.$gVladimir$f1871-1942$4520$7ba
_tУголок
_aСартинский-Бей, Дмитрий Константинович (2-я пол. 19 - нач. 20 в.)
464 0 _12001#$aПолно, сокол$fавтор неизв.
_tПолно, сокол
464 0 _12001#$aНе сердись$fмузыка и слова А. Денисьева
_1700#1$9z01790$aДенисьев$bА. П.$gАлексей Павлович$f?-1908$4230$7ca
_1790#1$9z01700$aDenis`ev$bA.$gAleksej$f?-1908$4230$7ba
_tНе сердись
_aДенисьев, Алексей Павлович (?-1908)
464 0 _12001#$aДумала, что сердце отлюбило$fмузыка и слова Г. Каревой
_1700#1$9z01790$aКарева$bГ. А.$gГалина Алексеевна$cмеццо-сопрано$f1928-1990$4230$7ca
_1790#1$9z01700$aKareva$bG.$gGalina$cmezzo-soprano$f1928-1990$4230$7ba
_tДумала, что сердце отлюбило
_aКарева, Галина Алексеевна (меццо-сопрано ; 1928-1990)
606 1 _aМеццо-сопрано советские российские
_z20-21 вв.
_jЗвукозапись
_2nlr_sh
606 1 _aРомансы для меццо-сопрано
_z19-20 вв.
_yРоссия, СССР
_jЗвукозапись
_2nlr_sh
686 0 _aЩ943.2, 8(2)
686 0 _aЩ943.4-043.3(28)я43
700 1 _9z01790
_aКарева
_bГ. А.
_cмеццо-сопрано
_f1928-1990
_gГалина Алексеевна
_4590
_4vms
_7ca
702 1 _9z03790
_aКроль
_bВ.
_cфортепиано
_gВалерий
_4590
_4kfp
_7ca
790 1 _9z01700
_aKareva
_bG.
_cmezzo-soprano
_f1928-1990
_gGalina
_4590
_4vms
_7ba
790 1 _9z03702
_aKrol`
_bV.
_cpiano
_gValerij
_4590
_4kfp
_7ba
801 0 _aRU
_bNLR
_c20240104
_gPSBO
801 1 _aRU
_bNLR
_c20240104
_2rusmarc
801 2 _aRU
_bNLR
_c20240107
852 _aNLR
_bМг
_j3/8823
_p40862
_t1
942 _cREC
980 _aNB
980 _aONIZ